000 00419nam a2200145 a 4500
001 000029787
005 20200930055815.0
008 110425s19uu dr 000 0 spa d
040 _aDO-SdBNP
_bspa
_cBNPHU
245 0 0 _aIdeario de Salvador Jorge Blanco /
_cRuddy Grullón.
260 _aSanto Domingo :
_bEditora Educativa,
_c[197?].
300 _a[12] P. ;
_c22 cm.
700 1 _aGrullón, Ruddy
_911028
049 _aBNPD
999 _c29279
_d29279